000
00347cam a2200145ua 4500
041
_a
eng
_h
082
_a
821
_b
BYR/PO
100
_a
Byron, .
245
_a
Poetry and prose /
_c
Byron.
_h
Textual Documents
260
_a
London :
_b
Oxford at the Clarendon Press ,
_c
1962.
300
_a
207 ; .
504
_a
942
_c
BK
999
_c
5309
_d
5309